Kabale University Library Catalogue

Experiencing race, class, and gender in the United States / (Record no. 3391)

MARC details
000 -LEADER
fixed length control field 01264cam a22003374a 4500
001 - CONTROL NUMBER
control field 13508361
003 - CONTROL NUMBER IDENTIFIER
control field OSt
005 - DATE AND TIME OF LATEST TRANSACTION
control field 20210407090607.0
008 - FIXED-LENGTH DATA ELEMENTS--GENERAL INFORMATION
fixed length control field 040302s2005 mau b 001 0 eng
020 ## - INTERNATIONAL STANDARD BOOK NUMBER
International Standard Book Number 0072886145 (pbk. : alk. paper)
040 ## - CATALOGING SOURCE
Original cataloging agency DLC
Transcribing agency KABLIB
Modifying agency KABLIB
082 00 - DEWEY DECIMAL CLASSIFICATION NUMBER
Classification number 305.0973
Edition number 23
Item number EXP
245 00 - TITLE STATEMENT
Title Experiencing race, class, and gender in the United States /
Statement of responsibility, etc. [edited by] Roberta Fiske-Rusciano, Virginia Cyrus.
250 ## - EDITION STATEMENT
Edition statement 4th ed.
260 ## - PUBLICATION, DISTRIBUTION, ETC.
Place of publication, distribution, etc. Boston :
Name of publisher, distributor, etc. McGraw-Hill,
Date of publication, distribution, etc. c2005.
300 ## - PHYSICAL DESCRIPTION
Extent xviii, 541, [16] p. ;
Dimensions 23 cm.
500 ## - GENERAL NOTE
General note Includes index (various pagings)
504 ## - BIBLIOGRAPHY, ETC. NOTE
Bibliography, etc. note Includes bibliographical references.
650 #0 - SUBJECT ADDED ENTRY--TOPICAL TERM
Topical term or geographic name entry element Social classes
Geographic subdivision United States.
9 (RLIN) 8936
650 #0 - SUBJECT ADDED ENTRY--TOPICAL TERM
Topical term or geographic name entry element Cultural pluralism
Geographic subdivision United States.
9 (RLIN) 8937
650 #0 - SUBJECT ADDED ENTRY--TOPICAL TERM
Topical term or geographic name entry element Women
Geographic subdivision United States
General subdivision Social conditions.
9 (RLIN) 8938
650 #0 - SUBJECT ADDED ENTRY--TOPICAL TERM
Topical term or geographic name entry element Gays
Geographic subdivision United States
General subdivision Social conditions.
9 (RLIN) 8939
650 #0 - SUBJECT ADDED ENTRY--TOPICAL TERM
Topical term or geographic name entry element Discrimination
Geographic subdivision United States.
9 (RLIN) 8940
651 #0 - SUBJECT ADDED ENTRY--GEOGRAPHIC NAME
Geographic name United States
General subdivision Social conditions
Chronological subdivision 1980-
9 (RLIN) 8941
651 #0 - SUBJECT ADDED ENTRY--GEOGRAPHIC NAME
Geographic name United States
General subdivision Race relations.
9 (RLIN) 8942
651 #0 - SUBJECT ADDED ENTRY--GEOGRAPHIC NAME
Geographic name United States
General subdivision Ethnic relations.
9 (RLIN) 8943
700 1# - ADDED ENTRY--PERSONAL NAME
Personal name Fiske-Rusciano, Roberta.
9 (RLIN) 8656
700 1# - ADDED ENTRY--PERSONAL NAME
Personal name Cyrus, Virginia.
9 (RLIN) 8657
906 ## - LOCAL DATA ELEMENT F, LDF (RLIN)
a 7
b cbc
c orignew
d 1
e ocip
f 20
g y-gencatlg
942 ## - ADDED ENTRY ELEMENTS (KOHA)
Source of classification or shelving scheme Dewey Decimal Classification
Koha item type Book

No items available.


Kabale University Library | Kabale University P.O Box 317, Kabale, Uganda
Tel : +256754017033, +256774661503 E-mail : library@kab.ac.ug